| Tag |
First Indicator |
Second Indicator |
Subfields |
| LEADER |
00000cem a2200000Ia 4500 |
| 001 |
in00002467249 |
| 005 |
20151111041916.0 |
| 007 |
aj canzn |
| 008 |
010320s1978 vauek a f 0 eng d |
| 034 |
1 |
|
|a a
|b 1000000
|d W1300000
|e W1200000
|f N0230000
|g N0170000
|
| 035 |
|
|
|a (OCoLC)ocm46488813
|
| 035 |
|
|
|a (OCoLC)46488813
|
| 040 |
|
|
|a COP
|c COP
|d OCLCQ
|d TXA
|d UtOrBLW
|
| 043 |
|
|
|a pn-----
|
| 049 |
|
|
|a TXAM
|
| 050 |
|
4 |
|a G3701.C5 svar
|b .U52 I-1094-J
|
| 052 |
|
|
|a 9236
|
| 074 |
|
|
|a 619-G-08
|
| 086 |
0 |
|
|a I 19.91:I-1094-J
|
| 110 |
2 |
|
|a Geological Survey (U.S.)
|
| 245 |
1 |
0 |
|a Bathymetric and nodule assessment map, 1304N, northeast Equatorial Pacific Ocean /
|c United States Geological Survey ; prepared ... for the Ocean Mining Administration, Department of the Interior.
|
| 246 |
3 |
0 |
|a Nodule assessment map, northeast Equatorial Pacific Ocean
|
| 255 |
|
|
|a Scale ca. 1:1,000,000
|c (W 130⁰--W 120⁰/N 23⁰--N 17⁰).
|
| 264 |
|
1 |
|a Reston, Va. :
|b The Survey,
|c 1978.
|
| 300 |
|
|
|a 1 map :
|b color ;
|c on sheet 86 x 112 cm.
|
| 336 |
|
|
|a cartographic image
|b cri
|2 rdacontent
|
| 337 |
|
|
|a unmediated
|b n
|2 rdamedia
|
| 338 |
|
|
|a sheet
|b nb
|2 rdacarrier
|
| 490 |
1 |
|
|a Miscellaneous investigations series ;
|v map I-1094-J
|
| 500 |
|
|
|a Depth shown by soundings and isolines.
|
| 500 |
|
|
|a Includes text, and index to adjacent sheets.
|
| 500 |
|
|
|a "Contour data assembled, evaluated, and interpreted by Bruce C. Heezen and Marie Tharp, assisted by S. Blythe [and others]. Nodule data from the Scripps Institution of Oceanography Sediment Data Bank, compiled by Jane Z. Frazer and Mary B. Fisk."
|
| 504 |
|
|
|a Includes bibliographical references.
|
| 500 |
|
|
|a Cartographic material.
|
| 650 |
|
0 |
|a Hydrographic surveying
|z North Pacific Ocean
|v Maps.
|
| 650 |
|
0 |
|a Manganese nodules
|z North Pacific Ocean
|v Maps.
|
| 710 |
1 |
|
|a United States.
|b Ocean Mining Administration.
|
| 830 |
|
0 |
|a Miscellaneous investigations series (Geological Survey (U.S.)) ;
|v map I-1094-J.
|
| 994 |
|
|
|a C0
|b TXA
|
| 948 |
|
|
|a cataloged
|b h
|c 2009/07/09
|e rzeske
|f 09:21:41 am
|
| 999 |
|
|
|a MARS
|
| 999 |
f |
f |
|s 0cf6fa0c-476d-3438-a764-8eb07bee0d64
|i 2708479a-a010-367b-bf89-9f2e0ad07bb9
|t 0
|
| 952 |
f |
f |
|p normal
|a Texas A&M University
|b College Station
|c Sterling C. Evans Library
|d Evans: Maps File (2nd floor)
|t 0
|e I 19.91:I-1094-J
|h Superintendent of Documents classification
|i unmediated -- sheet
|m A14837624507
|
| 998 |
f |
f |
|a I 19.91:I-1094-J
|t 0
|l Evans: Maps File (2nd floor)
|